000 00649nam a2200229Ia 4500
003 OSt
005 20220923230303.0
006 a|||||r|||| 00| 0
007 ta
008 Pun
024 _a279,130
037 _cTextual
040 _aARTS
_cARTS
_bPun
041 _2Pun
_aPun
082 _aO153,1N15:g, K4;L7
100 _aਭਾਟਿਆ, ਉਤਮ ਸਿੰਘ
245 0 _aਕਵੀ ਬਾਵਾ ਬਲਵੰਤ
_b ਇਕ ਅਧਿਅਨ
260 _c1964
650 _aਪੰਜਾਬੀ ਸਾਹਿਤ
942 _hO153,1N15:g, K4;L7
_cTEXL
_2CC
999 _c383678
_d383678